00448nam a22001337a 450000500170000001000130001702000260003003700200005624500880007626000370016427000580020130000260025970000290028520211007144102.0 aEN230921 a9789390866380c225.00 bSahitya Akademi aTribal literature and oral expressions in India /cedited by Prem Kumari Srivastava aNew DelhibSahitya Akademic2021 aRabindra Bhavan, 35 Ferozshah RoadbNew Delhie110001 axxx, 186p.c22cm(pbk) aSrivastava, Prem Kumari